| 000 | 01183nim a2200361 a 4500 | ||
|---|---|---|---|
| 999 |
_c23411 _d23411 |
||
| 001 | vtls000530229 | ||
| 005 | 20221010082818.0 | ||
| 007 | sd fsngnnmmnud | ||
| 008 | 160422s2015 xo nnnnf f n slo c | ||
| 020 | _a9788018031209 | ||
| 035 | _aa000530229 | ||
| 040 |
_aLESKN _bslo _cUKB _eAACR2 |
||
| 041 | 0 | _aslo | |
| 044 |
_axo _cSK |
||
| 072 | 7 |
_a821.162.4-3 _xSlovenská próza _2konspekt |
|
| 080 |
_a821.162.4-31 _22004 |
||
| 080 |
_a(086.76) _22004 |
||
| 080 |
_a(0:82-312.5) _22004 |
||
| 080 |
_a(0:82-993) _22004 |
||
| 100 | 1 |
_aMonošová, Martina, _d1972- _93631 |
|
| 245 | 1 | 0 |
_aLekcie z nenávisti _helektronický zdroj _cMartina Monošová ; číta: Beáta Drotárová |
| 260 |
_aLevoča _bSlovenská knižnica pre nevidiacich Mateja Hrebendu _c2015 |
||
| 300 |
_a1 elektronický optický disk (CD-ROM) _bdigitálny, mono _c12cm |
||
| 653 | _a821.162.4-31 | ||
| 653 | _a(0:82-312.5) | ||
| 653 | _a(0:82-993) | ||
| 653 | _a(086.76) | ||
| 655 | 7 |
_azvukové dokumenty _2UKBPH _93634 |
|
| 655 | 7 |
_aslovenské romány _2UKBPH _91694 |
|
| 655 | 7 |
_aľúbostné romány _2UKBPH _913 |
|
| 655 | 7 |
_aerotické romány _2UKBPH _94 |
|
| 700 | 1 |
_aDrotárová, Beáta _4nrt _93635 |
|